000 00912nam a2200265Ia 4500
003 OSt
005 20220926002829.0
006 a|||||r|||| 00| 0
007 ta
008 220923b |||||||| |||| 00| 0 eng d
020 _a9788125040941
_c590.75
037 _bDU19, 11/03/2011, INDEPENDENT PUBLISHERS GROUP
_cGeneral Book
040 _aRTL
_cRTL
_beng
041 _2eng
_aeng
082 _aY5926.2.N47, Q1
100 _aPATI Biswamoy
_9263561
245 0 _aAdivasis in Colonial India
_b Survival, resistance and negotiation
260 _a New Delhi
_bOrient Blackswan
_c2011
300 _axii, 368p
_ccm.
490 _aIndian Council of Historical Research
500 _aBibliography: P 347-55; Glossary: P 339-45
650 _aSociology
942 _hY5926.2.N47, Q1
_cGB
_2CC
999 _c606125
_d606125